000 00637nam a2200241Ia 4500
003 OSt
005 20220926025723.0
006 a|||||r|||| 00| 0
007 ta
008 220923b |||||||| |||| 00| 0 eng d
020 _a0415341485
037 _cGeneral Book
040 _aRTL
_cRTL
_beng
041 _2eng
_aeng
082 _aU5, N8
100 _aTuathail Gearold O & Others Ed.
_9332861
245 0 _aThe geopolitics reader
250 _a2nd
260 _aOxon
_bRoutledge
_c1998
300 _ax, 302p
_ccm.
942 _hU5, N8
_cGB
_2CC
999 _c647820
_d647820